KOHA-Header-6

Medical Biochemistry Preparatory Manual for Undergraduates (Record no. 2222)

000 -LEADER
fixed length control field 00329nam a2200121Ia 4500
008 - FIXED-LENGTH DATA ELEMENTS--GENERAL INFORMATION
fixed length control field 190802s9999 xx 000 0 und d
020 ## - INTERNATIONAL STANDARD BOOK NUMBER
International Standard Book Number 978-81-312-5287-1
100 ## - MAIN ENTRY--PERSONAL NAME
Personal name Sucheta P Dandekar
245 #0 - TITLE STATEMENT
Title Medical Biochemistry Preparatory Manual for Undergraduates
260 ## - PUBLICATION, DISTRIBUTION, ETC. (IMPRINT)
Place of publication, distribution, etc India
Name of publisher, distributor, etc India
Date of publication, distribution, etc 2018
300 ## - PHYSICAL DESCRIPTION
Extent 543:p
942 ## - ADDED ENTRY ELEMENTS (KOHA)
Koha item type Books
Holdings
Withdrawn status Lost status Damaged status Not for loan Collection code Permanent Location Current Location Shelving location Date acquired Full call number Barcode Date last seen Price effective from Koha item type
        Bio Sciences MAJU MAJU Shelf No.A37 2019-08-03 612.015 8845 2019-08-03 2019-08-03 Bio Science

Powered by Koha